Top 15 des pays avec les décès de Covid-19 - 15 juin - Statistiques

Statistiques générales
  • Ce quiz a été pris 40 fois
  • Le résultat moyen est 13 sur 20
Statistiques - réponses
pays % Correct
Etats-Unis
98%
France
95%
Espagne
90%
Russie
88%
Brésil
83%
Italie
83%
Royaume-Uni
83%
Allemagne
78%
Canada
78%
Inde
78%
Mexique
78%
Belgique
50%
Pays-Bas
48%
Suisse
48%
Suède
45%
Iran
40%
Irlande
38%
Chili
25%
Pérou
25%
Équateur
23%
Aucun quiz correspondant
Distribution des résultats
% des personnes avec chaque résultat
Percentile par nombre de réponses
Votre historique - résultats
Vous n’avez pas pris ce quiz